Who won each state in 2016 - Statistics

General Stats
  • This quiz has been taken 49 times
    28 since last reset
  • The average score is 51 of 55
Answer Stats
State Canidate % Correct
Alaska Donald Trump
100%
Utah Donald Trump
100%
Idaho Donald Trump
100%
Montana Donald Trump
100%
Texas Donald Trump
100%
Oklahoma Donald Trump
100%
Kansas Donald Trump
100%
Nebraska's 1st Donald Trump
100%
Nebraksa's 2nd Donald Trump
100%
Nebraska's 3rd Donald Trump
100%
Nebraska Donald Trump
100%
South Dakota Donald Trump
100%
North Dakota Donald Trump
100%
Iowa Donald Trump
100%
Missouri Donald Trump
100%
Arkansas Donald Trump
100%
Louisiana Donald Trump
100%
Mississippi Donald Trump
100%
Alabama Donald Trump
100%
Florida Donald Trump
100%
Georgia Donald Trump
100%
South Carolina Donald Trump
100%
Arizona Donald Trump
100%
North Carolina Donald Trump
100%
Tennessee Donald Trump
100%
Kentucky Donald Trump
100%
Wisconsin Donald Trump
100%
Michigan Donald Trump
100%
New Jersey Hillary Clinton
100%
Hawaii Hillary Clinton
100%
California Hillary Clinton
100%
Oregon Hillary Clinton
100%
Washington Hillary Clinton
100%
Nevada Hillary Clinton
100%
New Mexico Hillary Clinton
100%
Colorado Hillary Clinton
100%
Minnesota Hillary Clinton
100%
Illinois Hillary Clinton
100%
Indiana Donald Trump
96%
Ohio Donald Trump
96%
West Virginia Donald Trump
96%
Virginia Hillary Clinton
88%
Washington D.C. Hillary Clinton
83%
Pennsylvania Donald Trump
79%
Maryland Hillary Clinton
79%
Delaware Hillary Clinton
75%
New York Hillary Clinton
75%
Maine's 2nd Donald Trump
67%
Massachusetts Hillary Clinton
67%
New Hampshire Hillary Clinton
67%
Rhode Island Hillary Clinton
67%
Connecticut Hillary Clinton
67%
Vermont Hillary Clinton
67%
Maine's 1st Hillary Clinton
67%
Maine Hillary Clinton
63%
No matching quizzes found
Score Distribution
Percent of People with Each Score
Percentile by Number Answered
Your Score History
You have not taken this quiz since the last reset